| 000 | 00660nam a2200229 a 4500 | ||
|---|---|---|---|
| 005 | 20140412111243.0 | ||
| 008 | 010319s19uu xx 00 eng d | ||
| 020 | _a0-590-45787-X | ||
| 050 |
_aER _bWi66 1993 |
||
| 100 | _aCebulash, Mel | ||
| 245 |
_aWillie's wonderful pet / _cby Mel Cebulash ; illustrated by George Ford. |
||
| 260 |
_aNew York : _bScholastic Inc, _c1993. |
||
| 300 | _a1 v. (unp.); ill. | ||
| 440 | _aHello Reader | ||
| 520 | _aWillie's unusual pet helps make the class Pet Day a success. | ||
| 650 | _aPets--Fiction | ||
| 650 | _aChildren stories | ||
| 999 |
_c102830 _d102830 |
||